000 00394nam a2200145Ia 4500
008 230917s9999||||xx |||||||||||||| ||und||
040 _e168700
_aMAIN
041 _aEnglish
082 _a891.433721 BB769M
100 _aबृज भूषण
245 0 _aमोर्चे पर
260 _aअजमेर
_bकृष्णा बर्दस
_c1970
300 _a271 p.
942 _cHN
999 _c107328
_d107328